Historia - wiedza ogólna #3 - Statystyki

Ogólne statystyki
  • Ten quiz został rozwiązany 236 razy
    36 od ostatniego zresetowania
  • Średni wynik to 10 z 20
Statystyki odpowiedzi
Pytanie Odpowiedź % Poprawnych
Który pierwszy Europejczyk wynalazł druk? Jan Gutenberg
90%
Które słowo, zaczynające się na literę S, odnosi się do szlachetnej kasty wojowników feudalnej Japonii? Samuraj
90%
Co wynalazł Alfred Nobel? Dynamit
86%
Kto sprawował funkcję "generalísimo", jako przywódca Hiszpanii w latach 1939-1975? Francisco Franco
83%
Kto miał dzieci zarówno z Juliuszem Cezarem, jak i Markiem Antoniuszem? Kleopatra
79%
Jak się nazywał pierwszy polski laureat literackiej nagrody Nobla? Henryk Sienkiewicz
62%
Które imperium z siedzibą w Cuzco kontrolowało niegdyś większą część Andów? Imperium Inków
62%
Które starożytne królestwo było niegdyś rządzone przez króla Nabuchodonozora II? Babilon
55%
Kto rzekomo przeciął węzeł gordyjski? Aleksander Wielki
52%
Które miasto chrześcijańskie zostało złupione podczas czwartej krucjaty? Konstantynopol
48%
Jak nazywało się miejsce nazywane wyrocznią Apolla? Delfy
45%
Jak nazywa się tytuł, który nosił władca Wenecji od VII wieku? Doża
41%
Który archipelag wysp odwiedził Karol Darwin, co zainspirowało go do stworzenia teorii ewolucji? Wyspy Galapagos
41%
Kto wypowiedział słowa: "Kochanie, zapomniałem się schylić" po tym, jak został postrzelony w 1981 roku? Ronald Reagan
38%
Który produkt zdominował handel Holenderskiej Kompanii Wschodnioindyjskiej w XVII i XVIII wieku? Przyprawy
34%
Który kraj sprowadził 4 miliony niewolników przed tym jak zostało to zdelegalizowane w 1888 roku? Brazylia
28%
Który produkt był celem słynnej wyprawy Gandhiego w morze? Sól
21%
Kto był kapitanem "Złotej Łani" podczas drugiego znanego opłynięcia świata w historii? Sir Francis Drake
17%
Który archipelag wysp odkrył Kapitan Cook, zanim został zabity przez tubylców? Hawaje
10%
Która konfederacja rdzennych Amerykanów składa się z sześciu plemion, w tym Mohawk i Seneka? Irokezi
3%
Nie znaleziono quizów pasujących do podanych kryteriów
Rozkład punktacji
Procent ludzi z każdym wynikiem
Percentyl według liczby udzielonych odpowiedzi
Twoja historia wyników
Nie rozwiązałeś tego quizu od ostatniego zresetowania